[Event "World Senior Teams +50"]
[Site "Radebeul GER"]
[Date "2016.06.30"]
[Round "5.26"]
[Board "1"]
[White "Van Bentum, Horst"]
[Black "Nachtkamp, Herbert"]
[Result "1/2-1/2"]
[WhiteElo "2071"]
[BlackElo "2091"]
[WhiteTeam "Schachfreunde MV"]
[BlackTeam "SK Norderstedt von 1975 e.V."]
[WhiteFideId "4671961"]
[BlackFideId "4642660"]
[EventDate "2016.06.26"]

1. d4 d5 2. Nf3 Nf6 3. Bf4 e6 4. e3 c5 5. c3 Nc6 6. Bd3 Bd6 7. Bxd6 Qxd6 8. Nbd2
O-O 9. O-O e5 10. dxe5 Nxe5 11. Nxe5 Qxe5 12. Nf3 Qc7 13. Qc2 b6 14. Rad1 Bb7
15. Ng5 h6 16. Nh3 Rfe8 17. Be2 Rad8 18. Nf4 Qe5 19. Bf3 Ba6 20. Be2 Bxe2 21.
Nxe2 Ng4 22. Ng3 h5 23. Qf5 Qxf5 24. Nxf5 g6 25. Ng3 Ne5 1/2-1/2

[Event "World Senior Teams +50"]
[Site "Radebeul GER"]
[Date "2016.06.30"]
[Round "5.26"]
[Board "2"]
[White "Freter, Anke"]
[Black "Sager, Bernd"]
[Result "1/2-1/2"]
[WhiteElo "1865"]
[BlackElo "1901"]
[WhiteTeam "SK Norderstedt von 1975 e.V."]
[BlackTeam "Schachfreunde MV"]
[WhiteFideId "4638727"]
[BlackFideId "1270995"]
[EventDate "2016.06.26"]

1. e4 c5 2. Nf3 d6 3. d4 cxd4 4. Nxd4 Nf6 5. Nc3 a6 6. Bc4 e6 7. Bg5 Be7 8. f3
Qc7 9. Bb3 Bd7 10. Qd2 Nc6 11. O-O-O b5 12. Bxf6 gxf6 13. Nce2 Ne5 14. Qh6 a5
15. Qh5 a4 16. Bxe6 Bxe6 17. Nxe6 Qc4 18. N6d4 Qxa2 19. Nc3 Qa1+ 20. Kd2 Qxb2
21. Rb1 Nc4+ 22. Kd3 Ne5+ 23. Kd2 Nc4+ 1/2-1/2

[Event "World Senior Teams +50"]
[Site "Radebeul GER"]
[Date "2016.06.30"]
[Round "5.26"]
[Board "3"]
[White "Segebarth, Bernd"]
[Black "Schaefer, Ruediger"]
[Result "1/2-1/2"]
[WhiteElo "1924"]
[BlackElo "1784"]
[WhiteTeam "Schachfreunde MV"]
[BlackTeam "SK Norderstedt von 1975 e.V."]
[WhiteFideId "24657506"]
[BlackFideId "1271080"]
[EventDate "2016.06.26"]

1. e4 e6 2. d4 d5 3. Nd2 h6 4. Bd3 Nf6 5. e5 Nfd7 6. Ne2 c5 7. c3 Nc6 8. Nf3 Qb6
9. O-O g5 10. Bc2 Bg7 11. Ng3 cxd4 12. cxd4 1/2-1/2

[Event "World Senior Teams +50"]
[Site "Radebeul GER"]
[Date "2016.06.30"]
[Round "5.27"]
[Board "1"]
[White "Buchholz, Ralf"]
[Black "Jeute, Peter"]
[Result "0-1"]
[WhiteElo "1926"]
[BlackElo "1978"]
[WhiteTeam "Deutsche Schach-Loewen"]
[BlackTeam "SV Bannewitz"]
[WhiteFideId "24693910"]
[BlackFideId "24646091"]
[EventDate "2016.06.26"]

1. Nf3 d5 2. d4 Nf6 3. Bg5 e6 4. e3 Be7 5. Nbd2 O-O 6. Bd3 Nbd7 7. c3 c5 8. O-O
b6 9. e4 dxe4 10. Nxe4 Bb7 11. Nxf6+ Bxf6 12. Bxf6 Qxf6 13. Be2 Rad8 14. Qa4
cxd4 15. Qxd4 Qxd4 16. Nxd4 Nc5 17. a4 e5 18. Nf3 Nb3 19. Rad1 e4 20. Nd4 Nxd4
21. cxd4 Rd6 22. Rd2 Rc8 23. b4 Kf8 24. a5 bxa5 25. bxa5 Ba6 26. Bxa6 Rxa6 27.
Re1 Rxa5 28. f3 exf3 29. gxf3 Rd5 30. Ra1 a5 31. Kf2 f5 32. Rda2 Rc4 33. Rxa5
Rcxd4 34. Rxd5 Rxd5 35. Ke3 g6 36. Ra7 Re5+ 37. Kf4 Re7 38. Ra6 Kg7 39. h4 Kh6
40. h5 Kxh5 0-1

[Event "World Senior Teams +50"]
[Site "Radebeul GER"]
[Date "2016.06.30"]
[Round "5.28"]
[Board "1"]
[White "Siebenhuener, Michael"]
[Black "Hilbig, Dieter"]
[Result "1/2-1/2"]
[WhiteElo "2034"]
[BlackElo "2014"]
[WhiteTeam "TSG Markkleeberg von 1903"]
[BlackTeam "SG Gera/ Meuselwitz"]
[WhiteFideId "4659805"]
[BlackFideId "24642851"]
[EventDate "2016.06.26"]

1. e4 c5 2. Nf3 Nc6 3. c4 d6 4. d4 cxd4 5. Nxd4 Nf6 6. Nc3 g6 7. Be2 Bg7 8. Be3
Bd7 9. Rc1 O-O 10. f3 Rc8 11. Qd2 Qa5 12. O-O Nxd4 13. Bxd4 Rfd8 14. Rfd1 Kh8
15. Qe3 b6 16. Qd2 Qh5 17. Be3 Ng8 18. Nd5 Qe5 19. Rc2 Bc6 20. b3 f5 21. Bf4 Qe6
22. exf5 gxf5 23. Ne3 Qg6 24. Nd5 Qf7 25. Bg5 Re8 1/2-1/2

[Event "World Senior Teams +50"]
[Site "Radebeul GER"]
[Date "2016.06.30"]
[Round "5.28"]
[Board "2"]
[White "Kohl, Torsten"]
[Black "Nuernberger, Thomas"]
[Result "0-1"]
[WhiteElo "1796"]
[BlackElo "1983"]
[WhiteTeam "SG Gera/ Meuselwitz"]
[BlackTeam "TSG Markkleeberg von 1903"]
[WhiteFideId "24638870"]
[BlackFideId "12979716"]
[EventDate "2016.06.26"]

1. c4 c5 2. Nc3 Nc6 3. Nf3 d6 4. g3 e5 5. Bg2 f5 6. d3 Nf6 7. Bg5 Be7 8. O-O O-O
9. e3 Be6 10. Ne1 h6 11. Bxf6 Bxf6 12. Bd5 Qd7 13. Bxe6+ Qxe6 14. Nd5 Rf7 15.
Nc2 Raf8 16. Qd2 Bd8 17. a3 f4 18. exf4 exf4 19. Rae1 Ne5 20. Kg2 f3+ 21. Kh1
Qh3 22. Nde3 Ng4 0-1

[Event "World Senior Teams +50"]
[Site "Radebeul GER"]
[Date "2016.07.01"]
[Round "6.1"]
[Board "1"]
[White "Vaganian, Rafael A"]
[Black "Nunn, John D M"]
[Result "1/2-1/2"]
[WhiteTitle "GM"]
[BlackTitle "GM"]
[WhiteElo "2577"]
[BlackElo "2597"]
[WhiteTeam "Armenia"]
[BlackTeam "England 1"]
[WhiteFideId "13300016"]
[BlackFideId "400017"]
[EventDate "2016.06.26"]

1. d4 Nf6 2. Nf3 g6 3. c4 Bg7 4. g3 c6 5. Nc3 d5 6. cxd5 cxd5 7. Ne5 O-O 8. Bg2
e6 9. Bf4 Bd7 10. Qd2 Nc6 11. O-O Nxe5 12. Bxe5 Bc6 13. Rac1 Nd7 14. Bxg7 Kxg7
15. Rc2 Nf6 16. Rfc1 Qd6 17. e3 Rfc8 18. Ne2 b6 19. Nf4 Bb7 20. Nd3 Rxc2 21.
Rxc2 Rc8 1/2-1/2

[Event "World Senior Teams +50"]
[Site "Radebeul GER"]
[Date "2016.07.01"]
[Round "6.1"]
[Board "2"]
[White "Speelman, Jon S"]
[Black "Anastasian, Ashot"]
[Result "1/2-1/2"]
[WhiteTitle "GM"]
[BlackTitle "GM"]
[WhiteElo "2523"]
[BlackElo "2532"]
[WhiteTeam "England 1"]
[BlackTeam "Armenia"]
[WhiteFideId "400033"]
[BlackFideId "13300059"]
[EventDate "2016.06.26"]

1. Nf3 Nf6 2. c4 c5 3. Nc3 e6 4. e3 d5 5. d4 Nc6 6. a3 dxc4 7. Bxc4 Be7 8. O-O
O-O 9. dxc5 Bxc5 10. b4 Qxd1 11. Rxd1 Be7 12. e4 a6 13. e5 Nd7 14. Bf4 h6 15. h4
Rd8 16. Ne4 b5 17. Bf1 Nb6 18. Rxd8+ Bxd8 19. Rc1 Nd5 20. Bxh6 gxh6 21. Rxc6 Bb7
22. Rc1 Nxb4 23. Nfd2 Bxe4 24. Nxe4 Nd5 25. g3 Be7 26. Nd6 Rd8 27. Rc6 Bxd6 28.
exd6 b4 29. Bc4 1/2-1/2

[Event "World Senior Teams +50"]
[Site "Radebeul GER"]
[Date "2016.07.01"]
[Round "6.1"]
[Board "3"]
[White "Movsziszian, Karen"]
[Black "Hebden, Mark L"]
[Result "1/2-1/2"]
[WhiteTitle "GM"]
[BlackTitle "GM"]
[WhiteElo "2488"]
[BlackElo "2510"]
[WhiteTeam "Armenia"]
[BlackTeam "England 1"]
[WhiteFideId "13301152"]
[BlackFideId "400084"]
[EventDate "2016.06.26"]

1. g3 d5 2. Nf3 g6 3. Bg2 Bg7 4. d4 c5 5. O-O cxd4 6. Nxd4 Nf6 7. c4 O-O 8. cxd5
Nxd5 9. Nb3 Nb4 10. Nc3 N8c6 11. Bd2 Bf5 12. Rc1 Ne5 13. a3 Nbc6 14. Ne4 Rc8 15.
h3 b5 16. Bc3 Qxd1 17. Rfxd1 Nc4 18. Bxg7 Kxg7 19. Rc2 Rfd8 20. Rxd8 Rxd8 21. g4
Rd1+ 22. Kh2 Bxe4 23. Bxe4 N6e5 24. Nc5 Nd6 25. Bg2 h5 26. gxh5 gxh5 27. Ne4
Nec4 28. Nxd6 Rxd6 29. a4 a6 30. axb5 axb5 31. b3 Rd2 32. Rxd2 Nxd2 33. b4 Nb3
34. e3 Nc1 35. Bf1 Na2 36. Bxb5 Nxb4 37. Kg3 Nd5 38. Be2 Kh6 39. Bc4 Nf6 40.
Bxf7 Ne4+ 41. Kg2 Nd6 42. Be6 Kg5 43. Kf3 Kf6 44. Bd7 e6 45. Bc6 Kg5 46. Ke2 e5
47. Kd3 h4 48. Kc3 Kf5 49. Bd7+ Ke4 50. Bc6+ Kf5 51. f3 Ke6 52. Ba4 Ke7 53. Bc2
Kf6 54. Be4 Nf7 55. f4 Nd8 56. fxe5+ Kxe5 57. Bg2 Ne6 1/2-1/2

[Event "World Senior Teams +50"]
[Site "Radebeul GER"]
[Date "2016.07.01"]
[Round "6.1"]
[Board "4"]
[White "Arkell, Keith C"]
[Black "Galdunts, Sergey"]
[Result "1/2-1/2"]
[WhiteTitle "GM"]
[BlackTitle "GM"]
[WhiteElo "2453"]
[BlackElo "2415"]
[WhiteTeam "England 1"]
[BlackTeam "Armenia"]
[WhiteFideId "400270"]
[BlackFideId "13300067"]
[EventDate "2016.06.26"]

1. d4 d5 2. Nf3 Nf6 3. c4 e6 4. cxd5 exd5 5. Nc3 c6 6. Bg5 Be7 7. Qc2 g6 8. e3
Bf5 9. Bd3 Bxd3 10. Qxd3 Nbd7 11. Bh6 Bd6 12. h3 Qe7 13. Bg7 Rg8 14. Bxf6 Nxf6
15. Qc2 O-O-O 16. a3 Kb8 17. b4 Ne4 18. Nxe4 dxe4 19. Nd2 f5 20. h4 h6 21. g3
Rge8 22. Nc4 Bc7 23. Rb1 g5 24. hxg5 hxg5 25. Qe2 f4 26. gxf4 gxf4 27. Kd2 f3
28. Qf1 Rg8 29. Kc3 Rg2 30. Rb2 Qe6 31. Nd2 Qg4 32. Nb3 b6 33. Rh6 Rd6 34. Rxd6
Bxd6 35. Qc4 Qg6 36. Rc2 Bh2 37. b5 cxb5 38. Qxb5 Rg5 39. Qc4 b5 40. Qb4 Bd6 41.
Nc5 Rxc5+ 42. dxc5 Be5+ 43. Kd2 Qg1 44. Qxb5+ Kc7 45. Qa5+ Kc8 46. Qa6+ Kd8 47.
Qa5+ Ke8 48. Qb5+ Kf8 49. c6 Qxf2+ 50. Kd1 Qg1+ 51. Kd2 Qf2+ 52. Kd1 Qg1+ 53.
Kd2 Qf2+ 1/2-1/2

[Event "World Senior Teams +50"]
[Site "Radebeul GER"]
[Date "2016.07.01"]
[Round "6.2"]
[Board "1"]
[White "Boensch, Uwe"]
[Black "Hjartarson, Johann"]
[Result "1-0"]
[WhiteTitle "GM"]
[BlackTitle "GM"]
[WhiteElo "2545"]
[BlackElo "2547"]
[WhiteTeam "Germany 1"]
[BlackTeam "Iceland"]
[WhiteFideId "4611268"]
[BlackFideId "2300044"]
[EventDate "2016.06.26"]

1. d4 Nf6 2. c4 g6 3. Nc3 Bg7 4. e4 d6 5. f3 O-O 6. Be3 e5 7. d5 c6 8. Bd3 cxd5
9. cxd5 Nh5 10. Nge2 f5 11. exf5 gxf5 12. O-O Nd7 13. Rc1 Nc5 14. Bc2 a5 15. a3
Bd7 16. b4 axb4 17. axb4 Na6 18. Rb1 Qh4 19. Bf2 Qg5 20. Kh1 Kh8 21. Qd3 Rac8
22. Be3 Qh4 23. Bf2 Qf6 24. Qd2 Rg8 25. Ba4 Bh6 26. Qe1 Bxa4 27. Nxa4 Rc4 28.
Qd1 Qg5 29. g3 Rxb4 30. Nac3 Qd2 31. Qxd2 Bxd2 32. Rxb4 Nxb4 33. Rb1 Nd3 34. Bg1
Ne1 35. f4 Bxc3 36. Nxc3 Nf3 37. fxe5 dxe5 38. Rxb7 Nxg1 39. Kxg1 f4 40. Ne4
fxg3 41. hxg3 Rg4 42. d6 Rxe4 43. d7 Rd4 44. Kg2 Nf6 45. Rb8+ Kg7 46. d8=Q Rxd8
47. Rxd8 Kg6 48. Kf3 Kf5 49. Rf8 h5 50. Ke3 Kg5 51. Kd3 Kg6 52. Kc4 Kg5 53. Kd3
Kg6 54. Ke3 Kg5 55. Kf3 Kf5 56. Kg2 Kg5 57. Kh3 Kf5 58. Rf7 Kg6 59. Re7 Kf5 60.
Kh4 e4 61. Kh3 Ng4 62. Kg2 Nf6 63. Rg7 Ng4 64. Kf1 Kf6 65. Rg8 Kf5 66. Ke2 Ne5
67. Ke3 Ng4+ 68. Kd4 e3 69. Rf8+ Kg5 70. Kd3 Kg6 71. Ke2 Kg5 72. Ra8 Kf5 73.
Ra5+ Kg6 74. Kf3 Kh6 75. Kf4 Kg6 76. Ra6+ Kf7 77. Kf3 Kg7 78. Re6 Kf7 79. Re4
Kg6 80. Kf4 Kf6 81. Ra4 Kg6 82. Ra5 Kf6 83. Ra6+ Kf7 84. Rb6 Ke7 85. Kf5 Kf7 86.
Rb7+ Kf8 87. Kf4 e2 88. Rb1 Nf2 89. Kf3 Nd1 90. Rb8+ Kg7 91. Kxe2 Nc3+ 92. Kd3
Nd5 93. Ke4 Ne7 94. Rb6 1-0

[Event "World Senior Teams +50"]
[Site "Radebeul GER"]
[Date "2016.07.01"]
[Round "6.2"]
[Board "2"]
[White "Olafsson, Helgi"]
[Black "Bischoff, Klaus"]
[Result "1/2-1/2"]
[WhiteTitle "GM"]
[BlackTitle "GM"]
[WhiteElo "2543"]
[BlackElo "2500"]
[WhiteTeam "Iceland"]
[BlackTeam "Germany 1"]
[WhiteFideId "2300010"]
[BlackFideId "4600045"]
[EventDate "2016.06.26"]

1. d4 e6 2. c4 Nf6 3. Nc3 Bb4 4. Qc2 c5 5. dxc5 Qc7 6. Nf3 Bxc5 7. g3 a6 8. Bf4
d6 9. Bg2 h6 10. O-O e5 11. Bc1 Be6 12. b3 Nbd7 13. Bb2 Rc8 14. e3 Qb8 15. Qe2
Bb4 16. Rac1 O-O 17. h3 b5 18. cxb5 Bxc3 19. Bxc3 axb5 20. Rfd1 Qb6 21. Qe1 Qa6
22. Bb4 Rxc1 23. Rxc1 Nd5 24. Rc2 f5 25. e4 fxe4 26. Qxe4 N7f6 27. Qe1 Bf5 28.
Rc1 Be4 29. a3 Rd8 30. Nh4 Bxg2 31. Nxg2 Qb7 32. Ne3 1/2-1/2

[Event "World Senior Teams +50"]
[Site "Radebeul GER"]
[Date "2016.07.01"]
[Round "6.2"]
[Board "3"]
[White "Volke, Karsten"]
[Black "Petursson, Margeir"]
[Result "0-1"]
[WhiteTitle "IM"]
[BlackTitle "GM"]
[WhiteElo "2478"]
[BlackElo "2509"]
[WhiteTeam "Germany 1"]
[BlackTeam "Iceland"]
[WhiteFideId "4611411"]
[BlackFideId "2300028"]
[EventDate "2016.06.26"]

1. d4 Nf6 2. c4 e6 3. Nc3 Bb4 4. e3 O-O 5. Bd3 d5 6. a3 Bxc3+ 7. bxc3 dxc4 8.
Bxc4 c5 9. Ne2 Qc7 10. Ba2 b6 11. O-O Ba6 12. Bb2 Rd8 13. Re1 Nc6 14. Ng3 Na5
15. Rc1 Bc4 16. Bxc4 Nxc4 17. Qb3 Na5 18. Qd1 Rac8 19. Qe2 h6 20. h3 Qc6 21. e4
Qa4 22. Rcd1 cxd4 23. cxd4 Rc2 24. Rd2 Rxd2 25. Qxd2 Nc4 26. Qe2 Nxb2 27. Qxb2
Qxd4 28. Qc2 Qe5 29. Qc6 h5 30. Qa4 a5 31. Qc6 Qd4 32. e5 h4 33. Nf1 Nd5 34. Nh2
Qd3 35. a4 Qc3 36. Rc1 Qxe5 37. Nf3 Qb2 38. Rc4 Ne7 39. Qe4 Nf5 40. Nxh4 Rd1+
41. Kh2 Qxf2 42. Nxf5 Qxf5 43. Qa8+ Kh7 44. Rh4+ Kg6 45. Rg4+ Kh7 46. Rh4+ Kg6
47. Rg4+ Kf6 48. Qb8 g5 49. Qh8+ Ke7 50. Qc3 Rd5 51. Qc7+ Kf6 52. Qc1 Qe5+ 53.
Kh1 Qd6 54. Qc3+ Kg6 55. Rg3 Rd1+ 56. Kh2 Qd4 57. Qc2+ f5 58. Rf3 Kf6 59. Rf2
Qe5+ 60. g3 Qe1 0-1

[Event "World Senior Teams +50"]
[Site "Radebeul GER"]
[Date "2016.07.01"]
[Round "6.2"]
[Board "4"]
[White "Arnason, Jon L"]
[Black "Tischbierek, Raj"]
[Result "0-1"]
[WhiteTitle "GM"]
[BlackTitle "GM"]
[WhiteElo "2490"]
[BlackElo "2439"]
[WhiteTeam "Iceland"]
[BlackTeam "Germany 1"]
[WhiteFideId "2300036"]
[BlackFideId "4611322"]
[EventDate "2016.06.26"]

1. e4 Nf6 2. e5 Nd5 3. d4 d6 4. Nf3 Bg4 5. Be2 e6 6. h3 Bh5 7. c4 Nb6 8. exd6
cxd6 9. O-O Be7 10. b3 O-O 11. Bb2 Bxf3 12. Bxf3 d5 13. c5 Nc8 14. b4 b6 15. Qb3
Nc6 16. Rd1 Rb8 17. a3 Bf6 18. Bc3 N8e7 19. b5 bxc5 20. dxc5 Nf5 21. Qa4 Ne5 22.
Be2 d4 23. c6 Qd5 24. Bf1 Nh4 25. Kh1 Nef3 26. Nd2 Ng5 27. Nb3 e5 28. Be1 a6 29.
Qc4 Qxc4 30. Bxc4 axb5 31. Bf1 Nf5 32. Nc5 e4 33. Nd7 d3 34. Rab1 Nd4 35. Bb4
Rfe8 36. Nxb8 Rxb8 37. Bd6 Rc8 38. c7 Nge6 39. Rdc1 Bg5 40. Rc3 Bd2 41. Rc5 Nxc5
42. Bxc5 Ne6 43. Bd6 Nxc7 44. f3 Ne8 45. Be5 f5 46. g4 Rd8 47. gxf5 e3 48. Bf4
Rd4 49. Be5 Rd5 50. Bf4 Nf6 51. Bxe3 Bxe3 52. Rd1 d2 53. a4 bxa4 54. Bc4 Kf8 0-1

[Event "World Senior Teams +50"]
[Site "Radebeul GER"]
[Date "2016.07.01"]
[Round "6.3"]
[Board "1"]
[White "Strutinskaia, Galina"]
[Black "Erneste, Inguna"]
[Result "1-0"]
[WhiteTitle "WGM"]
[BlackTitle "WGM"]
[WhiteElo "2237"]
[BlackElo "2149"]
[WhiteTeam "Russia Women"]
[BlackTeam "Latvia Women"]
[WhiteFideId "4108558"]
[BlackFideId "11600241"]
[EventDate "2016.06.26"]

1. d4 d5 2. c4 e6 3. Nf3 Nf6 4. g3 c6 5. Qc2 Be7 6. Bg2 O-O 7. O-O b6 8. b3 Bb7
9. Nc3 Na6 10. Rd1 Qc8 11. Bf4 Rd8 12. e4 dxe4 13. Ng5 c5 14. Ncxe4 h6 15. Nxf6+
Bxf6 16. Qh7+ Kf8 17. Ne4 Ke7 18. Be5 cxd4 19. Nxf6 gxf6 20. Bxd4 Bxg2 21. Kxg2
Qc6+ 22. f3 Rh8 23. Qd3 h5 24. Bf2 Nc5 25. Bxc5+ bxc5 26. Qe3 h4 27. Rd5 Rac8
28. Rad1 Rhg8 29. Kf2 Rh8 30. Kg2 Rhg8 31. R1d2 Rh8 32. a3 Rc7 33. R2d3 hxg3 34.
hxg3 Rhc8 35. Rh5 Qa6 36. Qf4 Qc6 37. Rh7 e5 38. Qd2 Rb8 39. Rd6 Qxd6 40. Rxf7+
Kxf7 41. Qxd6 Rbc8 42. g4 Re7 43. Kg3 Rcc7 44. g5 fxg5 45. Kg4 e4 46. Qd5+ Re6
47. fxe4 Re7 48. Kxg5 Ke8 49. b4 1-0

[Event "World Senior Teams +50"]
[Site "Radebeul GER"]
[Date "2016.07.01"]
[Round "6.3"]
[Board "2"]
[White "Vilerte, Tamara"]
[Black "Mednikova, Svetlana"]
[Result "0-1"]
[WhiteTitle "WGM"]
[BlackTitle "WGM"]
[WhiteElo "2030"]
[BlackElo "2180"]
[WhiteTeam "Latvia Women"]
[BlackTeam "Russia Women"]
[WhiteFideId "11602589"]
[BlackFideId "4109961"]
[EventDate "2016.06.26"]

1. Nf3 f5 2. d4 Nf6 3. g3 e6 4. Bg5 Be7 5. Bxf6 Bxf6 6. h4 c5 7. c3 Qb6 8. Qd2
Nc6 9. dxc5 Qxc5 10. Bg2 d5 11. O-O O-O 12. e3 Bd7 13. Na3 Rad8 14. Rac1 Bc8 15.
Rfd1 h6 16. b4 Qe7 17. Nc2 g5 18. hxg5 hxg5 19. Ncd4 Kg7 20. Nxc6 bxc6 21. Nd4
Bd7 22. Qd3 Rh8 23. a3 Kg6 24. c4 e5 25. Ne2 Be6 26. c5 Qh7 27. g4 Qh4 28. gxf5+
Bxf5 29. e4 Bxe4 30. Qg3 Qh1+ 0-1

[Event "World Senior Teams +50"]
[Site "Radebeul GER"]
[Date "2016.07.01"]
[Round "6.3"]
[Board "3"]
[White "Kozlovskaya, Valentina"]
[Black "Priedite, Ingrida"]
[Result "1-0"]
[WhiteTitle "WGM"]
[BlackTitle "WFM"]
[WhiteElo "2218"]
[BlackElo "2067"]
[WhiteTeam "Russia Women"]
[BlackTeam "Latvia Women"]
[WhiteFideId "4107098"]
[BlackFideId "11600217"]
[EventDate "2016.06.26"]

1. d4 Nf6 2. c4 e6 3. Nf3 b6 4. Nc3 Bb7 5. e3 Bb4 6. Bd2 O-O 7. Be2 d5 8. O-O
Nbd7 9. cxd5 exd5 10. a3 Be7 11. b4 Ne4 12. Nxe4 dxe4 13. Ne1 c5 14. Bc3 cxd4
15. Bxd4 Bf6 16. Bxf6 Nxf6 17. Nc2 Nd7 18. Qd6 Rc8 19. Nd4 Nf6 20. Qg3 g6 21.
Rfd1 Qc7 22. Qg5 Nd5 23. Nb5 Qc2 24. Bf1 Nc3 25. Nd4 Qb2 26. Re1 f6 27. Qg3 Bd5
28. h4 Bf7 29. h5 Nd5 30. Bb5 Rc7 31. Bc6 Rfc8 32. hxg6 Rxc6 33. gxf7+ Kxf7 34.
Nxc6 Rxc6 35. Qh3 1-0

[Event "World Senior Teams +50"]
[Site "Radebeul GER"]
[Date "2016.07.01"]
[Round "6.3"]
[Board "4"]
[White "Rozlapa, Vija"]
[Black "Fatalibekova, Elena"]
[Result "0-1"]
[BlackTitle "WGM"]
[WhiteElo "2012"]
[BlackElo "2227"]
[WhiteTeam "Latvia Women"]
[BlackTeam "Russia Women"]
[WhiteFideId "11600802"]
[BlackFideId "4106792"]
[EventDate "2016.06.26"]

1. e4 c5 2. Nf3 Nc6 3. Bb5 d6 4. O-O Nf6 5. Bxc6+ bxc6 6. e5 Nd5 7. exd6 exd6 8.
Re1+ Be7 9. Qe2 Bg4 10. Qe4 Qd7 11. d3 O-O 12. Nc3 Bf5 13. Qe2 Rae8 14. Ne4 Bd8
15. c4 Nf6 16. Nxf6+ Bxf6 17. Be3 Bg4 18. Rab1 Re6 19. h3 Bh5 20. g4 Bg6 21. Qd2
Rfe8 22. Kg2 h5 23. g5 Bd8 24. b3 d5 25. cxd5 Qxd5 26. Rbd1 h4 27. Qc3 Bh5 0-1

[Event "World Senior Teams +50"]
[Site "Radebeul GER"]
[Date "2016.07.01"]
[Round "6.4"]
[Board "1"]
[White "Graf, Alexander"]
[Black "Mueller, Michael1"]
[Result "1-0"]
[WhiteTitle "GM"]
[BlackTitle "FM"]
[WhiteElo "2561"]
[BlackElo "2244"]
[WhiteTeam "Emanuel-Lasker-Gesellschaft"]
[BlackTeam "Stiftung BSW / DBAG II"]
[WhiteFideId "4680804"]
[BlackFideId "4622081"]
[EventDate "2016.06.26"]

1. d4 d5 2. c4 c6 3. Nf3 Nf6 4. Nc3 g6 5. e3 Bg7 6. Be2 O-O 7. O-O a6 8. Bd2 b5
9. cxd5 cxd5 10. b4 Nc6 11. a4 Nxb4 12. Qb3 a5 13. Nxb5 Nc6 14. Rfc1 Bd7 15. Bc3
e6 16. Rab1 Ne4 17. Bb2 Re8 18. Bd3 f5 19. Ba3 Bf8 20. Bxf8 Rxf8 21. Qd1 Rc8 22.
Qe1 Qf6 23. g3 g5 24. Be2 f4 25. exf4 gxf4 26. Rc2 Nb4 27. Rxc8 Rxc8 28. Rc1
fxg3 29. Rxc8+ Bxc8 30. hxg3 Bd7 31. Kg2 Be8 32. Qc1 Bh5 33. Qc7 Nd3 34. Qxa5
Bxf3+ 35. Bxf3 Ne1+ 36. Qxe1 1-0

[Event "World Senior Teams +50"]
[Site "Radebeul GER"]
[Date "2016.07.01"]
[Round "6.4"]
[Board "2"]
[White "Kuhne, Detlev"]
[Black "Meister, Jakob"]
[Result "1/2-1/2"]
[BlackTitle "GM"]
[WhiteElo "2085"]
[BlackElo "2456"]
[WhiteTeam "Stiftung BSW / DBAG II"]
[BlackTeam "Emanuel-Lasker-Gesellschaft"]
[WhiteFideId "4642872"]
[BlackFideId "4102541"]
[EventDate "2016.06.26"]

1. Nf3 c5 2. c4 Nc6 3. Nc3 d6 4. d4 cxd4 5. Nxd4 e5 6. Nc2 Be6 7. b3 f5 8. g3
Nf6 9. Bg2 Be7 10. O-O O-O 11. Ne3 Qd7 12. Ned5 Bd8 13. Nxf6+ Bxf6 14. Ba3 e4
15. Rc1 Be5 16. Nd5 Ne7 17. Nxe7+ Qxe7 18. Qd2 Rfc8 19. f3 exf3 20. Rxf3 Qc7 21.
Rd3 Qb6+ 22. Kh1 1/2-1/2

[Event "World Senior Teams +50"]
[Site "Radebeul GER"]
[Date "2016.07.01"]
[Round "6.4"]
[Board "3"]
[White "Koehler, Gerhard2"]
[Black "Tichatschke, Wolfgang"]
[Result "1-0"]
[WhiteElo "2201"]
[BlackElo "1975"]
[WhiteTeam "Emanuel-Lasker-Gesellschaft"]
[BlackTeam "Stiftung BSW / DBAG II"]
[WhiteFideId "12909700"]
[BlackFideId "4665724"]
[EventDate "2016.06.26"]

1. c4 e6 2. Nf3 Nf6 3. e3 b6 4. b3 Bb7 5. Bb2 Be7 6. Be2 O-O 7. O-O d5 8. d3
Nbd7 9. Nbd2 c5 10. Rc1 Rc8 11. Rc2 Re8 12. Qa1 Bf8 13. Rd1 Ng4 14. Nf1 Ba8 15.
Ng3 Ngf6 16. cxd5 Nxd5 17. Rcd2 Qc7 18. Bf1 N5f6 19. Ne5 Qb7 20. Nxd7 Nxd7 21.
Nh5 f6 22. d4 c4 23. bxc4 Rxc4 24. Nf4 Rcc8 25. Qb1 Bd6 26. Ne2 Qd5 27. Ng3 f5
28. f3 Nf6 29. Bd3 Qa5 30. Nf1 Bb4 31. Rc2 Bd5 32. Rdc1 Rxc2 33. Qxc2 b5 34. e4
fxe4 35. fxe4 Bb7 36. e5 Nd7 37. Bxh7+ Kh8 38. Bd3 Qd8 39. Bxb5 a6 40. Ba4 Re7
41. Qc7 1-0

[Event "World Senior Teams +50"]
[Site "Radebeul GER"]
[Date "2016.07.01"]
[Round "6.4"]
[Board "4"]
[White "Schneider, Karl-Heinz"]
[Black "Paehtz, Thomas"]
[Result "0-1"]
[BlackTitle "GM"]
[WhiteElo "1975"]
[BlackElo "2361"]
[WhiteTeam "Stiftung BSW / DBAG II"]
[BlackTeam "Emanuel-Lasker-Gesellschaft"]
[WhiteFideId "24675300"]
[BlackFideId "4611349"]
[EventDate "2016.06.26"]

1. e4 e5 2. Nf3 Nc6 3. Bc4 Bc5 4. d3 Nf6 5. c3 O-O 6. a4 d5 7. exd5 Nxd5 8. b4
Be7 9. O-O Bg4 10. Re1 Bf6 11. h3 Bh5 12. Bb2 Nf4 13. Bc1 Nd5 14. Bb2 Ndxb4 15.
g4 Bg6 16. g5 Bxg5 17. cxb4 Bh5 18. Bc3 Qd6 19. Na3 Rad8 20. Nc2 Qg6 21. Kh1 e4
22. Nxg5 Bxd1 23. Rexd1 Qxg5 24. Rg1 Qh6 25. Rxg7+ Qxg7 26. Bxg7 Kxg7 27. Rg1+
Kh8 28. dxe4 Ne5 29. Ne3 Rd4 30. Rc1 Nxc4 31. Rxc4 Rxc4 32. Nxc4 Rd8 33. Na5 Rd4
34. Nxb7 Rxb4 35. Nc5 Rc4 36. Na6 Rxa4 37. Nxc7 Rxe4 38. Nb5 a5 39. Nd6 Rf4 40.
Kg2 a4 41. Kg3 Rf6 0-1